• 首页
  • 本馆介绍
  • 公告通知
  • 最新文献
  • 馆藏检索
  • 电子资源
  • 读者导购
  • 参考咨询
  • 我的图书馆
  • 登录
  • 详细信息显示
  • 放入我的书架
  • 预约/预借图书
  • 作者相关作品
  • 分类相关作品
  • 丛书相关作品
  • 出版社相关作品

书目信息

  • 表格格式
  • 工作单格式
  • 卡片格式
题名:
中职会展展示设计实务
    
 
作者: 丁伟民 , 黄中文 , 刘畅 主编
分册:  
出版信息: 北京   现代出版社  2022
页数: 193页
开本: 24cm
丛书名: 名师名校名校长书系
单 册:
中图分类: J525.2
科图分类:
主题词: 展览会--陈列设计--职业高中--教材
电子资源:
ISBN: 978-7-5143-9024-7
000 00928nam0 2200265 450
001 2332345340
005 20231207085915.21
010    @a978-7-5143-9024-7@dCNY59.00
100    @a20221205d2022 em y0chiy50 ea
101 0  @achi
102    @aCN@b110000
105    @aa z 000yy
200 1  @a中职会展展示设计实务@Azhong zhi hui zhan zhan shi she ji shi wu@e项目设计与制作教程@f丁伟民,黄中文,刘畅主编
210    @a北京@c现代出版社@d2022
215    @a193页@c彩图@d24cm
225 1  @a名师名校名校长书系
330    @a本书分三章,内容包括:会展展示设计概论、会展展示道具设计、会展展示设计项目化课程设计。
410  0 @12001 @a名师名校名校长书系
606 0  @a展览会@x陈列设计@x职业高中@j教材
690    @aJ525.2@v5
701  0 @a丁伟民@Ading wei min@4主编
701  0 @a黄中文@Ahuang zhong wen@4主编
701  0 @a刘畅@Aliu chang@4主编
801  0 @aCN@b大连网信软件有限公司图书馆·11@c20231207
905    @aZUCC@dJ525.2@e13
    
    中职会展展示设计实务:项目设计与制作教程/丁伟民,黄中文,刘畅主编.-北京:现代出版社,2022
    193页:彩图;24cm.-(名师名校名校长书系)
    
    
    ISBN 978-7-5143-9024-7:CNY59.00
    本书分三章,内容包括:会展展示设计概论、会展展示道具设计、会展展示设计项目化课程设计。
●
相关链接 在五车中查询图书 在当当中查询图书 在豆瓣中查询图书


正题名:中职会展展示设计实务     索取号:J525.2/13         预约/预借

序号 登录号 条形码 馆藏地/架位号 状态 备注
1 2001270853   2001270853   辽宁北方(第一批)/辽宁北方(第一批)/391/ [索取号:J525.2/13] 在馆    
2 2001270854   2001270854   辽宁北方(第一批)/辽宁北方(第一批)/391/ [索取号:J525.2/13] 在馆    
3 2001270855   2001270855   辽宁北方(第一批)/辽宁北方(第一批)/391/ [索取号:J525.2/13] 在馆    
4 2001270856   2001270856   辽宁北方(第一批)/辽宁北方(第一批)/391/ [索取号:J525.2/13] 在馆    
5 2001270857   2001270857   辽宁北方(第一批)/辽宁北方(第一批)/391/ [索取号:J525.2/13] 在馆    
6 2001270858   2001270858   辽宁北方(第一批)/辽宁北方(第一批)/391/ [索取号:J525.2/13] 在馆    
山东省滨州职业学院图书馆 欢迎您!
大连网信软件有限公司© 版权所有